000 00991nam a2200265 a 4500
001 79817
003 BD-RjUL
005 20230608123900.0
008 220518s2011 bg a|||| m||| 00| 0 eng d
035 _a(BD-RjUL)79817
040 _aBD-RjUL
_beng
_cBD-RjUL
_dBD-RjUL
041 _aeng
082 _223
_a633.1187
_bMAE 2011
100 _aMajid, Md. A.
_93058
245 1 0 _aEffect of different water stress on the Physio-Morphological and grain yield of breed wheat (Triticum aestivum) Cultivar /
_cBy Md. A. Majid ;
_6Supervisor : Md. Saiful Islam
260 _aRajshahi :
_bDept.of Crop Science, University of Rajshahi,
_c2011
300 _axv, 87 leaves :
_bill. ;
_c29 cm.
502 _aThesis (M.Phil.) -- Dept.of Crop Science, University of Rajshahi,2011
504 _aReferences: Leaves 74-87
650 _aWheat
_xCultivar
_93059
650 _aWheat
_xwater stress
_93060
650 _aWheat
_xGrain yield
_93061
700 _aIslam, Md. Saiful, Supervisor
_93062
942 _2ddc
_cTHE
999 _c79817
_d79817